000 00465nam a2200193Ia 4500
005 20240823041317.0
008 240823s9999||||xx |||||||||||||| ||und||
020 _a81-7823-053-4
041 _aENGLISH
082 _A294.555 P9
100 _aThenkachi Ko Swaminathan
245 0 _aEloorukum Annai Sri Saratha Devi
250 _a1st
260 _c2009
_bSri Ramakrishna
500 _aDISPLAY
650 _aGeneral
_bGeneral
942 _cBK
999 _c205194
_d205194